00478nmm a2200157Ia 4500008004100000020001800041041000800059100003800067245003900105264006800144300001800212650001400230856005200244942000700296999001700303251105s9999||||xx |||||||||||||||||und|| a9788416479092 aspa aFranco Gútiez, María Consuelo 0aAntonio Machado. Un poeta exiliado a[Madrid, España] :bEditorial Club Universitario: ECU, c2016 a170 páginas aBiography uhttps://public.digitaliapublishing.com/a/171721 cCF c77792d77792